000
00340 a2200157 4500
001
194223
020
_a
978-85-16-10766-6
040
_c
Magnum
100
_a
Noronha, Teresa
240
1
0
_a
Sopa de letrinhas
_l
por
245
1
0
_a
Sopa de letrinhas
300
_a
37
362
0
_a
2017
697
_a
LITERATURA INFANTO-JUVENIL
942
_c
BK
999
_c
194223
_d
194223